书目信息 |
| 题名: |
图书馆管理与服务创新研究
|
|
| 作者: | 张译文 著 | |
| 分册: | ||
| 出版信息: | 北京 中国商务出版社 2022.08 |
|
| 页数: | 189页 | |
| 开本: | 26cm | |
| 丛书名: | ||
| 单 册: | ||
| 中图分类: | G251 , G252 | |
| 科图分类: | ||
| 主题词: | 图书馆管理--研究 , 图书馆服务--研究 | |
| 电子资源: | ||
| ISBN: | 978-7-5103-4132-8 | |
| 000 | 00900nam0 2200253 450 | |
| 001 | 012001002713 | |
| 005 | 20141204083505.0 | |
| 010 | @a978-7-5103-4132-8@dCNY50.00 | |
| 100 | @a20220905d2021 em y0chiy0110 ea | |
| 101 | 0 | @achi |
| 102 | @aCN@b110000 | |
| 105 | @ay z 000yy | |
| 106 | @ar | |
| 200 | 1 | @a图书馆管理与服务创新研究@Atu shu guan guan li yu fu wu chuang xin yan jiu@f张译文著 |
| 210 | @a北京@c中国商务出版社@d2022.08 | |
| 215 | @a189页@d26cm | |
| 330 | @a本书共八章,内容包括:图书馆管理、图书馆的管理与创新、图书馆资源管理、图书馆全面质量管理与策略管理、图书馆人力资源管理与馆员职业生涯规划、图书馆服务、新媒体技术在图书馆服务中的应用、新形势下图书馆服务创新。 | |
| 606 | 0 | @a图书馆管理@x研究 |
| 606 | 0 | @a图书馆服务@x研究 |
| 690 | @aG251@v5 | |
| 690 | @aG252@v5 | |
| 701 | 0 | @a张译文@Azhang yi wen@4著 |
| 801 | 0 | @aCN@bAHXH@c20221111 |
| 905 | @b1373339-41@dG251@e50@f3 | |
| 图书馆管理与服务创新研究/张译文著.-北京:中国商务出版社,2022.08 |
| 189页;26cm |
| ISBN 978-7-5103-4132-8:CNY50.00 |
| 本书共八章,内容包括:图书馆管理、图书馆的管理与创新、图书馆资源管理、图书馆全面质量管理与策略管理、图书馆人力资源管理与馆员职业生涯规划、图书馆服务、新媒体技术在图书馆服务中的应用、新形势下图书馆服务创新。 |
| ● |
| 相关链接 |
|
|
|
|
正题名:图书馆管理与服务创新研究
索取号:G251/50
 
预约/预借
| 序号 | 登录号 | 条形码 | 馆藏地/架位号 | 状态 | 备注 |
| 1 | 1373339 | 213733398 | 第一样本阅览室/ [索取号:G251/50] | 在馆 | |
| 2 | 1373340 | 213733405 | 第四借阅区/ [索取号:G251/50] | 在馆 | |
| 3 | 1373341 | 213733414 | 第四借阅区/ [索取号:G251/50] | 在馆 |